| 000 | 00538nam a2200169 4500 | ||
|---|---|---|---|
| 001 | 128061 | ||
| 003 | ES-MaACL | ||
| 005 | 20230906193142.0 | ||
| 007 | t| | ||
| 008 | 070214s1968 sp r ||||1| spa d | ||
| 100 | 1 |
_aRipley, Francis J. _997420 |
|
| 245 | 1 | 3 |
_aUn pensamiento diario para legionarios / _cFrancis J. Ripley ; versión de María Mercedes Latorre. |
| 260 |
_aEstella (Navarra) : _bVerbo Divino, _c1968. |
||
| 300 |
_a62 p. ; _c18 cm. |
||
| 700 | 1 |
_aLatorre, María Mercedes. _970536 |
|
| 852 |
_aES-MaACL _jC-35911 _bR.69548 |
||
| 999 |
_c128061 _d128061 |
||